Presentaciones del seminario El pistacho, perspectiva de desarrollo en Chile
محفوظ في:
| مؤلفون مشاركون: | , |
|---|---|
| التنسيق: | كتاب |
| اللغة: | الإسبانية |
| منشور في: |
Santiago
Fundación par la Innovación Agraria
2005
|
| الموضوعات: | |
| الوسوم: |
إضافة وسم
لا توجد وسوم, كن أول من يضع وسما على هذه التسجيلة!
|
MARC
| LEADER | 00000nam a2200000 a 4500 | ||
|---|---|---|---|
| 001 | UCH0860 | ||
| 003 | CL-VaPUC | ||
| 005 | 20230913171648.0 | ||
| 008 | 090402e20050000cl 1 spa d | ||
| 082 | 0 | 4 | |a 634.574 |b FUN |2 21 |
| 110 | 2 | |a Fundación para la Innovación Agraria |e author |9 621347 | |
| 710 | 2 | |a Ministerio de Agricultura |e author |9 621348 | |
| 245 | 1 | 0 | |a Presentaciones del seminario El pistacho, perspectiva de desarrollo en Chile |
| 260 | |a Santiago |b Fundación par la Innovación Agraria |c 2005 | ||
| 300 | |a 112 p | ||
| 583 | |a last modification |c 20190828 11:36:16 |k Rodrigo Vera | ||
| 650 | 0 | 0 | |a Pistacho |9 325349 |
| 650 | 0 | 0 | |a Cultivo |9 264268 |
| 650 | 0 | 0 | |a Análisis de mercado |9 260838 |
| 650 | 0 | 0 | |a Congresos |9 257560 |
| 942 | |c BK | ||
| 945 | |a rbrito |d 20090402 00:00:00 | ||
| 546 | |a En Español | ||
| 536 | |a Fundación para la Innovación Agraria | ||
| 518 | |p Seminario El pistacho: perspectiva de desarrollo en Chile, 1, Paine, 17 marzo 2005 | ||
| 999 | |c 384420 |d 384418 | ||
| 952 | |0 0 |1 0 |4 0 |6 634_574000000000000_FUN_2005 |7 0 |8 A |9 507121 |a BIBAGR |b BIBAGR |d 2020-01-23 |i 4530624 |o 634.574 FUN 2005 |p 4530624 |r 2025-01-20 |w 2020-01-23 |y BK |k AGR | ||
| 952 | |0 0 |1 0 |4 0 |6 634_574000000000000_FUN_2005 |7 0 |8 A |9 507122 |a BIBAGR |b BIBAGR |d 2020-01-23 |i 4684184 |l 1 |o 634.574 FUN 2005 |p 4684184 |r 2025-01-20 |s 2022-05-20 |w 2020-01-23 |y BK |k AGR | ||